01701nab a22002897a 4500999001500000003000400015005001700019008004100036040000700077100003600084245023000120260007300350300001300423500003700436505038800473505008200861650002300943650002600966650004600992650005801038650002301096650003901119650004601158700003701204773015701241942001301398 c5663d5663OSt20251226130343.0190429b xxu||||| |||| 00| 0 spa d cPJ 96623aNeve Piñeira, Julia Ana10aInterpretaciones en tensión sobre la prescripción en delitos contra la integridad sexual cometidos en contextos institucionales : b¿hay responsabilidad del Estado? /cJulia Ana Neve Piñeira, Macarena Ayelén Picardi. cCiudad Autónoma de Buenos Aires :aThomson Reuters La Ley, b2025. ap. 39-47 aCita: TR LALEY AR/DOC/2207/2025. aSumario: I. Introducción.— II. Síntesis del caso y recorrido judicial.— III. El núcleo del debate: prescripción vs. imprescriptibilidad.— IV. Valoración probatoria en delitos contra la integridad sexual.— V. Estándares de revisión de prueba por la Corte Suprema de Justicia de la Nación.— VI. Breve nota sobre el juicio por la verdad.— VII. Conclusiones.  tSi te interesa el texto completo, solicitalo a koha@justierradelfuego.gov.ar  09343aDERECHO PENAL 09614aDERECHOS HUMANOS 092902aDELITOS CONTRA LA INTEGRIDAD SEXUAL 092741aDERECHOS DE LAS NIÑAS, NIÑOS Y ADOLESCENTES 092903aABUSO SEXUAL 096334aCRÍMENES DE LESA HUMANIDAD 093902aPRESCRIPCIÓN DE LA ACCIÓN PENAL 96624aPicardi, Macarena Ayelén0 0265893164tRevista de derecho penal y criminología. Nº 9 - Octubre 2025dCiudad Autónoma de Buenos Aires : Thomson Reuters La Ley, 2017-x00347914 2udccANA